000 00509nam a2200193 i 4500
001 102334
003 ES-MaACL
005 20230906183104.0
007 t|
008 051108s1952 sp ||||1| spa d
100 1 _aMeneses, Rodolfo de.
_980344
245 1 0 _aSandra /
_cRodolfo de Meneses.
260 _aMadrid :
_bEnsayos,
_c1952.
300 _a241 p. ;
_c17 cm.
490 1 _aGalatea ;
_vVII
830 0 _aGalatea ;
_vVII
_9184628
852 _aES-MaACL
_jD-9204
_bR.33497
999 _c102334
_d102334